| 000 | 00776nam a2200301 a 4500 | ||
|---|---|---|---|
| 003 | AR-BaBNM | ||
| 005 | 20251128210115.0 | ||
| 008 | 082120s2002 ||||||||||||||000 | spa|| | ||
| 020 | _a987-97-127-0-6 | ||
| 040 | _cAR-BaBNM | ||
| 100 | 1 | _aGarbarini, Javier | |
| 245 | 0 | 0 | _aManual práctico para cooperativas de trabajo |
| 250 | _a1ª ed. | ||
| 260 |
_aBuenos Aires _bLazos Cooperativas _c1998 |
||
| 300 |
_a255 p. _btablas |
||
| 650 | 4 | _aECONOMIA | |
| 650 | 4 | _aTRABAJO | |
| 650 | 4 | _aCOOPERATIVAS | |
| 650 | 4 | _aMANUAL | |
| 650 | 4 | _aGRUPOS DE TRABAJO | |
| 650 | 4 | _aEMPRESAS | |
| 650 | 4 | _aDERECHO LABORAL | |
| 650 | 4 | _aDERECHOS SINDICALES | |
| 650 | 4 | _aDERECHOS SOCIALES Y ECONOMICOS | |
| 650 | 4 | _aDERECHOS Y PRIVILEGIOS | |
| 942 | _cBK | ||
| 998 | _cCarmen | ||
| 999 |
_c14071 _d14071 |
||